[Event "Kurunegala op 11th"]
[Site "Kurunegala"]
[Date "2019.12.01"]
[Round "4"]
[White "Amarasinghe, AACB"]
[Black "Senarathne, AAHMB"]
[Result "1-0"]
[WhiteElo "1908"]
[BlackElo "1432"]
[PlyCount "81"]
[EventDate "2019.11.30"]
[EventType "swiss"]
[EventRounds "10"]
[EventCountry "SRI"]
[SourceTitle "CBM 193 Extra"]
[Source "ChessBase"]
[SourceDate "2020.01.31"]
[SourceVersion "1"]
[SourceVersionDate "2020.01.31"]
[SourceQuality "1"]

1. c4 Nf6 2. Nc3 c5 3. Nf3 g6 4. d4 cxd4 5. Nxd4 Nc6 6. e4 d6 7. f3 Bg7 8. Be3 0-0 9. Qd2 Bd7 10. Rc1 Rc8 11. Be2 a6 12. 0-0 Nxd4 13. Bxd4 Be6 14. b3 Nd7 15. Be3 Qa5 16. Nd5 Qd8 17. Rfd1 Bxd5 18. Qxd5 Rc6 19. b4 Nf6 20. Qd2 Qa8 21. a4 Rfc8 22. b5 R6c7 23. Bb6 Rd7 24. a5 e6 25. Qe3 d5 26. e5 Ne8 27. cxd5 Rxc1 28. Qxc1 Rxd5 29. Rxd5 exd5 30. f4 axb5 31. Bxb5 Bf8 32. Bd7 Ng7 33. Qc8 Qxc8 34. Bxc8 Ne6 35. Bxb7 Bc5+ 36. Bxc5 Nxc5 37. a6 Nxa6 38. Bxa6 Kf8 39. Kf2 Ke7 40. Ke3 f6 41. Kd4 1-0